00238pab a2200085 454500008003600000100002000036245004000056650002300096773003300119180718b xxu||||| |||| 00| 0 eng d aRivlin, Alice M aA new vision of American federalism aFederalism - U.S.A aPublic Administration Review